Logo BPK

Bibliografia Prac Pracowników

Politechniki Koszalińskiej

Założenia ideologiczne budowy nacjonalistycznego państwa ukraińskiego według OUN / (Rekord nr 10188)

Szczegóły MARC
000 -ETYKIETA REKORDU
podpole kontrolne o stałej długości 00852naa a2200169 i 4500
001 - NUMER KONTROLNY REKORDU
podpole kontrolne 10188
003 - IDENTYFIKATOR NUMERU KONTROLNEGO REKORDU
podpole kontrolne KOSZ 005
005 - DATA OSTATNIEJ MODYFIKACJI REKORDU
podpole kontrolne 20180417122211.0
008 - POLE O STAŁEJ DŁUGOŚCI - DANE KONTROLNE
podpole kontrolne o stałej długości 180417s2007 pl |100 0 pol
040 ## - ŹRÓDŁO KATALOGOWANIA
Instytucja, która sporządziła opis KOSZ 005/HR
Instytucja, która utworzyła rekord KOSZ 005/HR
080 ## - UNIWERSALNA KLASYFIKACJA DZIESIĘTNA - UKD
UKD 94(438)
100 1# - NAZWA OSOBOWA
Nazwa osobowa PARTACZ, Czesław.
Lata pracy 2007-2012.
Instytucja Politechnika Koszalińska - Instytut Polityki Społecznej i Stosunków Międzynarodowych,
Wydział Zakład Europy Środkowej i Wschodniej.
245 10 - TYTUŁ/ODPOWIEDZIALNOŚĆ
Tytuł Założenia ideologiczne budowy nacjonalistycznego państwa ukraińskiego według OUN /
Pozostałe elementy strefy tytułu i oznaczenia odpowiedzialności Czesław Partacz.
655 #0 - TERMIN INDEKSOWY - OKREŚLENIE RODZAJU/FORMY DOKUMENTU
Określnie rodzaju/formy dokumentu Materiały konferencyjne.
773 0# - TYTUŁ DOKUMENTU MACIERZYSTEGO
Wyrażenie wprowadzające W :
Tytuł Akcja "Wisła" : przyczyny, przebieg, konsekwencje : materiały konferencji naukowej zorganizowanej 23-24 lutego 2007 r. w Przemyślu. -
Adres wydawniczy Przemyśl : Archiwum Państwowe [etc.], 2007. -
Informacje dotyczące relacji s. 9-31
ISBN 9788388172236
942 ## - HASŁO DODATKOWE - ELEMENTY(KOHA)
Schemat klasyfikacji Uniwersalna klasyfikacja dziesiętna
Typ dokumentu Rozdział

Brak dostępnych egzemplarzy.

© 2014 Biblioteka Politechniki Koszalińskiej :: BIBLIOGRAFIA PRAC PRACOWNIKÓW